Lectures on the calculus of variations and optimal control theory /

Guardado en:
Autor Principal: Young, L. C. 1905-
Formato: Libro
Idioma:English
Publicado: Philadelphia : Saunders, 1969.
Materias:
Etiquetas: Agregar Etiqueta
Sin Etiquetas, Sea el primero en etiquetar este registro!
LEADER 00731cam a2200217 a 4500
001 MAT.inmabb004592
008 690716s1969####paua#####b####001#0#eng##
005 20170612130250.0
245 1 0 |a Lectures on the calculus of variations and optimal control theory /  |c L. C. Young. 
260 |a Philadelphia :  |b Saunders,  |c 1969. 
300 |a xi, 331 p. :  |b il. ;  |c 26 cm. 
504 |a Bibliografía: p. 323-326. 
510 4 |a MR,  |c 41 #4337 
100 1 |a Young, L. C.  |q (Laurence Chisholm),  |d 1905- 
246 3 8 |a Calculus of variations and optimal control theory 
650 0 |a Calculus of variations. 
650 0 |a Control theory. 
084 |a 49.00  |2 MR 
010 |a  69011201  
040 |a DLC  |c DLC  |d DLC 
859 |h 49  |i Y73  |p A-4245  |b BIB. MATEMATICA